| 000 | 00452nam a2200157 a 4500 | ||
|---|---|---|---|
| 005 | 20140414132107.0 | ||
| 008 | 100902s19uu xx 00 eng d | ||
| 050 |
_aM 796.5 _bC77 2010 |
||
| 100 | _aCooper, Kate | ||
| 245 |
_aRock climbing / _cby Kate Cooper. |
||
| 260 |
_a[Pleasantville, NY] : _bGareth Stevens Pub, _c2010. |
||
| 440 | _aUltimate thrill sports | ||
| 650 |
_aRock climbing _x Juvenile literature. |
||
| 650 |
_a _x |
||
| 999 |
_c114620 _d114620 |
||